| 000 | nam a22 7a 4500 | ||
|---|---|---|---|
| 999 |
_c358154 _d358154 |
||
| 003 | BLK | ||
| 005 | 20201007040738.0 | ||
| 008 | 200427b bu ||||| |||| 00| 0 bu d | ||
| 040 | _aBLK | ||
| 041 |
_aBUL _cBUL |
||
| 080 |
_aФизика _b53 _x(075.81) _z53(075.81 |
||
| 100 |
_aМладенов, Иван _eпърви автор _91299 |
||
| 139 |
_aМладенов, Иван _bМ 77 |
||
| 245 |
_aФизика. _bЗа студенти от ВЛТИ |
||
| 257 | _aBGR | ||
| 260 |
_9221241 _aСофия _bМин. на нар. просвета _c1985 |
||
| 300 |
_a336 с. _bс ил. _c22 см. |
||
| 380 | _a5 | ||
| 500 | _a800 тир. | ||
| 650 | 0 |
_9241824 _aФизика - учебници за ВУЗ |
|
| 653 | 7 |
_9199275 _aфизика |
|
| 942 |
_cKNG _n0 _s1 |
||
| 944 |
_aCR _c2020-04-27 _kИвелин Русев |
||